01512 2200433 4500001002100000005001500021035002000036007000300056008004100059020002200100040002200122082001200144084001400156090002200170100002800192245022700220250003600447300004600483650001300529700002800542700003000570700002900600700003200629700003500661700003000696700003600726700003600762700003600798850001200834504003300846710002300879264003600902336002100938337003000959338002300989999002201012990002201034990002201056INLIS00000000089569820250430015927 a0010-0425000947ta250430s2024 yoia g ind d a978-623-8686-63-6 aYOPDYOGbinderda04223a515 a515 VIN k aCB-D.11 2024-63360 aVina LusianaePengarang10aKalkulus /cVina Lusiana, Zenia Amarti, Saddam Al Aziz, Arta Ekayanti, Ratnaning Palupi, Jovian Dian Pratama, Rosie Maharani, Johan Alfian Pradana, Jihan Kristal Yasmin, Novita Serly Laamena; Penyunting, Tim Penamuda Media aCetakan Pertama, September 2024 aix, 174 halaman :btabel, gambar ;c23 cm 4aKalkulus0 aZenia AmartiePengarang0 aSaddam Al AzizePengarang0 aArta EkayantiePengarang0 aRatnaning PalupiePengarang0 aJovian Dian PratamaePengarang0 aRosie MaharaniePengarang0 aJohan Alfian PradanaePengarang0 aJihan Kristal YasminePengarang0 aNovita Serly LaamenaePengarang aYOPDYOG aBibliografi: halaman 167-1682 aTim Penamuda Media34aSleman :bPenamuda Media,c2024 2rdacontentateks 2rdamediaatanpa perantara 2rdacarrieravolume aCB-D.11/2024-6336 aCB-D.11/2024-6336 aCB-D.11/2024-6336